000 00275nam a2200121Ia 4500
008 190216s9999||||xx |||||||||||||| ||und||
100 _aOlappamanna
245 0 _aNangemakutty
260 _bUniversity Of Calicut
_c1996
300 _a47p
650 _aKavithkal
942 _cBK
999 _c24260
_d24260